000
00223 a2200097 4500
001
41213
100
_a
Waseem
245
_a
Pakistan's Economic challenge
260
_a
Lahore
_b
Progressive publish
_c
090
_c
25434
_d
25434
942
_a
NUST-CAE
_c
M
_c
17152
999
_c
276286
_d
276286